[Event "Bastia op"]
[Site "Bastia"]
[Date "2022.07.14"]
[Round "5"]
[White "Bouslimi, Nabil"]
[Black "Humeau, Cyril"]
[Result "1/2-1/2"]
[WhiteElo "2070"]
[BlackElo "2270"]
[PlyCount "114"]
[EventDate "2022.07.10"]
[EventType "swiss"]
[EventRounds "7"]
[EventCountry "FRA"]
[SourceTitle "CBM 209 Extra"]
[Source "ChessBase"]
[SourceDate "2022.09.30"]
[SourceVersion "1"]
[SourceVersionDate "2022.09.30"]
[SourceQuality "1"]

1. d4 d5 2. c4 e5 3. dxe5 d4 4. a3 Nc6 5. Nf3 Be6 6. e3 dxe3 7. Qxd8+ Rxd8 8. Bxe3 Nh6 9. Nbd2 Ng4 10. Bg5 Be7 11. Bf4 Bc5 12. Ne4 Bd4 13. Nxd4 Rxd4 14. f3 Ngxe5 15. Be3 Rd8 16. Rc1 0-0 17. Rc3 Rfe8 18. Kf2 Bf5 19. Nd2 Rd7 20. Be2 Nd4 21. Bxd4 Rxd4 22. Nb3 Nd3+ 23. Bxd3 Rxd3 24. Re1 Rxe1 25. Kxe1 Rxc3 26. bxc3 Kf8 27. Ke2 Ke7 28. Ke3 b6 29. c5 Be6 30. Nd2 bxc5 31. Ne4 Bf5 32. Nxc5 Kd6 33. Kd4 Kc6 34. c4 Bc2 35. Nd3 Bxd3 36. Kxd3 Kd6 37. Kd4 c5+ 38. Ke4 Ke6 39. g4 f6 40. a4 g6 41. h4 f5+ 42. Kf4 Kf6 43. a5 h6 44. g5+ hxg5+ 45. hxg5+ Ke6 46. Ke3 Kd7 47. Kf4 Kd6 48. Ke3 Kc6 49. Kf4 Kd6 50. Ke3 Kd7 51. Kf4 Ke6 52. Ke3 Kd6 53. Kf4 Ke6 54. Ke3 Ke5 55. f4+ Kd6 56. Kd3 Kc7 57. Kc3 a6 1/2-1/2

[Event "Mitropa Cup"]
[Site "Corte"]
[Date "2022.05.06"]
[Round "7.4"]
[White "Schreiner, Peter"]
[Black "Bouslimi, Nabil"]
[Result "1-0"]
[WhiteElo "2435"]
[BlackElo "2075"]
[PlyCount "67"]
[EventDate "2022.04.30"]
[EventType "team-tourn"]
[EventRounds "9"]
[EventCountry "FRA"]
[SourceTitle "CBM 208 Extra"]
[Source "ChessBase"]
[SourceDate "2022.07.31"]
[SourceVersion "1"]
[SourceVersionDate "2022.07.31"]
[SourceQuality "1"]
[WhiteTeam "Austria"]
[BlackTeam "Corsica"]
[WhiteTeamCountry "AUT"]
[BlackTeamCountry "FRA"]

1. d4 Nf6 2. Nf3 c5 3. d5 e6 4. c4 exd5 5. cxd5 d6 6. Nc3 g6 7. Bg5 Bg7 8. Nd2 0-0 9. e4 a6 10. a4 Nbd7 11. Be2 Qc7 12. 0-0 Re8 13. Qc2 b6 14. f4 Rb8 15. Kh1 h6 16. Bh4 Nh7 17. Bg3 g5 18. Nc4 gxf4 19. Bxf4 Ne5 20. Qd2 Nxc4 21. Bxc4 Ng5 22. Rae1 Qd8 23. Qd3 f5 24. exf5 Rf8 25. g4 h5 26. Qg3 hxg4 27. Bxd6 Bxf5 28. Be7 Qd7 29. Bxg5 b5 30. axb5 axb5 31. Re7 bxc4 32. Rxd7 Be4+ 33. Nxe4 Rxf1+ 34. Kg2 1-0

[Event "Mitropa Cup"]
[Site "Corte"]
[Date "2022.05.03"]
[Round "4.4"]
[White "Bouslimi, Nabil"]
[Black "Deuer, Marius"]
[Result "0-1"]
[WhiteElo "2075"]
[BlackElo "2356"]
[PlyCount "78"]
[EventDate "2022.04.30"]
[EventType "team-tourn"]
[EventRounds "9"]
[EventCountry "FRA"]
[SourceTitle "CBM 208 Extra"]
[Source "ChessBase"]
[SourceDate "2022.07.31"]
[SourceVersion "1"]
[SourceVersionDate "2022.07.31"]
[SourceQuality "1"]
[WhiteTeam "Corsica"]
[BlackTeam "Germany"]
[WhiteTeamCountry "FRA"]
[BlackTeamCountry "GER"]

1. d4 Nf6 2. c4 e6 3. Nc3 Bb4 4. Bd2 b6 5. Nf3 Bb7 6. e3 Bxc3 7. Bxc3 Ne4 8. Rc1 0-0 9. Be2 d6 10. b4 Nxc3 11. Rxc3 a5 12. b5 Nd7 13. 0-0 f5 14. Nd2 e5 15. f4 exd4 16. exd4 Qf6 17. Rd3 Rae8 18. Bf3 Be4 19. Bxe4 fxe4 20. Re3 Qxd4 21. Qe2 a4 22. g3 Nf6 23. Rd1 Qc5 24. Kg2 d5 25. h3 c6 26. Kh2 cxb5 27. cxd5 Nxd5 28. Rxe4 Nc3 29. Rxe8 Nxe2 30. Rxe2 Qc2 31. Rde1 Qxa2 32. Ne4 Qc4 33. f5 a3 34. f6 gxf6 35. Rf2 f5 36. Ng5 a2 37. Ra1 Ra8 38. h4 b4 39. h5 b3 0-1

[Event "Limoges University-ch"]
[Site "Limoges"]
[Date "2022.02.06"]
[Round "7"]
[White "Gault, Emmanuel"]
[Black "Bouslimi, Nabil"]
[Result "1/2-1/2"]
[WhiteElo "2041"]
[BlackElo "2052"]
[PlyCount "93"]
[EventDate "2022.02.05"]
[EventType "swiss"]
[EventRounds "9"]
[EventCountry "FRA"]
[SourceTitle "EXT 2023"]
[Source "ChessBase"]
[SourceDate "2022.10.05"]
[SourceVersion "1"]
[SourceVersionDate "2022.10.05"]
[SourceQuality "1"]

1. c4 e5 2. Nc3 Nf6 3. g3 Be7 4. Bg2 c6 5. d4 d6 6. e3 0-0 7. Nge2 Be6 8. b3 Qc8 9. 0-0 Bh3 10. Bb2 Bxg2 11. Kxg2 Rd8 12. Qc2 Nbd7 13. Rad1 b5 14. cxb5 cxb5 15. Qd3 b4 16. Ne4 Qb7 17. f3 Nxe4 18. Qxe4 Qxe4 19. fxe4 Rac8 20. Rc1 Nf6 21. Kf3 d5 22. dxe5 dxe4+ 23. Kf4 Nd7 24. Bd4 f6 25. exf6 Bxf6 26. Kxe4 Re8+ 27. Kd3 Rcd8 28. Rc7 a5 29. Kc2 Bxd4 30. Nxd4 Rxe3 31. Nc6 Rc3+ 32. Kb1 Nf6 33. Rxg7+ Kxg7 34. Nxd8 Ng4 35. Ne6+ Kg6 36. Nf4+ Kg5 37. h4+ Kh6 38. Ne2 Re3 39. Rf4 Ne5 40. Nd4 Re1+ 41. Kc2 Rg1 42. Re4 Ng6 43. Nf5+ Kh5 44. Ng7+ Kh6 45. Nf5+ Kh5 46. Ng7+ Kh6 47. Nf5+ 1/2-1/2

[Event "Bastia Summer op 1st"]
[Site "Bastia"]
[Date "2021.07.13"]
[Round "2"]
[White "Mastrovasilis, Dimitrios"]
[Black "Bouslimi, Nabil"]
[Result "1-0"]
[WhiteElo "2609"]
[BlackElo "2022"]
[PlyCount "47"]
[EventDate "2021.07.12"]
[EventType "swiss"]
[EventRounds "9"]
[EventCountry "FRA"]
[SourceTitle "CBM 203 Extra"]
[Source "ChessBase"]
[SourceDate "2021.09.30"]
[SourceVersion "1"]
[SourceVersionDate "2021.09.30"]
[SourceQuality "1"]

1. e4 e6 2. d4 d5 3. Nd2 Nf6 4. e5 Nfd7 5. f4 c5 6. c3 Nc6 7. Ndf3 Qa5 8. a3 Qb6 9. b4 cxd4 10. cxd4 Be7 11. h4 a6 12. h5 Qa7 13. Be3 b5 14. Rc1 Bb7 15. h6 g6 16. Kf2 Rc8 17. Nh3 f6 18. Bd3 Rf8 19. Re1 fxe5 20. dxe5 Qa8 21. Kg1 Rd8 22. Nhg5 Bxg5 23. Nxg5 Ke7 24. Qg4 1-0

[Event "Corsica Masters KO 23rd"]
[Site "Bastia"]
[Date "2019.10.20"]
[Round "1.2"]
[White "Bouslimi, Nabil"]
[Black "Fressinet, Laurent"]
[Result "0-1"]
[WhiteElo "2022"]
[BlackElo "2633"]
[PlyCount "54"]
[EventDate "2019.10.20"]
[EventType "k.o. (rapid)"]
[EventRounds "4"]
[EventCountry "FRA"]
[SourceTitle "CBM 192 Extra"]
[Source "Chessbase"]
[SourceDate "2019.11.06"]
[SourceVersion "1"]
[SourceVersionDate "2019.11.06"]
[SourceQuality "1"]

1. d4 Nf6 2. c4 e6 3. Nc3 Bb4 4. e3 c5 5. Bd3 Nc6 6. Nge2 0-0 7. 0-0 d5 8. cxd5 exd5 9. Bc2 cxd4 10. exd4 Bd6 11. h3 h6 12. a3 Re8 13. Qd3 Ne7 14. Ng3 Ng6 15. Bd2 Bd7 16. Rfe1 Qc7 17. Nf5 Bh2+ 18. Kh1 Bf4 19. Bxf4 Qxf4 20. Ne3 Qxf2 21. Re2 Qh4 22. Nexd5 Nxd5 23. Nxd5 Bc6 24. Ne3 Be4 25. Qd2 Nf4 26. Rf2 Nxh3 27. Bxe4 Nxf2+ 0-1

[Event "Balagna rapid op 16th"]
[Site "Balagna"]
[Date "2019.05.19"]
[Round "7"]
[White "Bouslimi, Nabil"]
[Black "Utrera, Ludovic"]
[Result "1-0"]
[WhiteElo "2083"]
[BlackElo "1995"]
[PlyCount "98"]
[EventDate "2019.05.18"]
[EventType "swiss (rapid)"]
[EventRounds "9"]
[EventCountry "FRA"]
[SourceTitle "CBM 190 Extra"]
[Source "ChessBase"]
[SourceDate "2019.07.15"]
[SourceVersion "1"]
[SourceVersionDate "2019.07.15"]
[SourceQuality "1"]

1. d4 Nf6 2. c4 c5 3. d5 e6 4. Nc3 exd5 5. cxd5 d6 6. g3 g6 7. Bg2 Bg7 8. Nf3 0-0 9. 0-0 a6 10. a4 Re8 11. Nd2 Nbd7 12. e4 Rb8 13. a5 b5 14. axb6 Nxb6 15. Re1 Ng4 16. h3 Ne5 17. Nb3 c4 18. Nd4 Nd3 19. Nc6 Qf6 20. Re2 Nxc1 21. Qxc1 Ra8 22. f4 Bd7 23. e5 dxe5 24. Ne4 Qf5 25. Nd6 Qh5 26. g4 Qh4 27. Nxe8 Rxe8 28. fxe5 h5 29. Qe1 Qg5 30. Qd2 Qh4 31. Qe1 Qg5 32. Qf2 hxg4 33. h4 Qh5 34. Rf1 Bf5 35. d6 Nd7 36. Ne7+ Kh7 37. Nxf5 gxf5 38. Qxf5+ Qxf5 39. Rxf5 Bxe5 40. Rxf7+ Kg6 41. Rxd7 Bd4+ 42. Kf1 Rb8 43. Rde7 Bxb2 44. Rb7 Rf8+ 45. Rf2 Rxf2+ 46. Kxf2 Bd4+ 47. Ke2 c3 48. d7 c2 49. Be4+ Kf6 1-0

[Event "EU School-chT 05th"]
[Site "Bastia"]
[Date "2016.06.09"]
[Round "4.3"]
[White "Bayo Milagro, Alvaro"]
[Black "Bouslimi, Nabil"]
[Result "1-0"]
[WhiteElo "2229"]
[BlackElo "1935"]
[PlyCount "91"]
[EventDate "2016.06.10"]
[EventType "team-tourn"]
[EventRounds "3"]
[EventCountry "FRA"]
[SourceTitle "EXT 2024"]
[Source "ChessBase"]
[SourceDate "2023.10.10"]
[SourceVersion "1"]
[SourceVersionDate "2023.10.10"]
[SourceQuality "1"]

1. e4 e6 2. d4 d5 3. Nd2 Be7 4. c3 c5 5. Ngf3 Nf6 6. exd5 exd5 7. dxc5 Bxc5 8. Be2 0-0 9. 0-0 Nc6 10. Nb3 Bb6 11. Bg5 Be6 12. Nbd4 Nxd4 13. Nxd4 h6 14. Bh4 g5 15. Bg3 Ne4 16. Be5 Qe7 17. Nxe6 fxe6 18. Bd4 Bc7 19. Bd3 Nf6 20. Re1 e5 21. c4 e4 22. g3 Qf7 23. Bf1 dxc4 24. Qa4 Kh7 25. Bxc4 Qg7 26. Rxe4 Bb6 27. Bd3 Bxd4 28. Rxd4+ Kh8 29. Rd1 Rae8 30. Qxa7 h5 31. Qb6 Ng4 32. Rf1 Rf6 33. Rd6 Rxd6 34. Qxd6 Qg8 35. h3 Rd8 36. Qa3 Ne5 37. Be4 Qf8 38. Qc3 Qg7 39. Bxb7 Re8 40. Bg2 Qe7 41. f4 Qa7+ 42. Kh2 Qa4 43. fxe5 Qd7 44. e6+ Qg7 45. Qc6 Re7 46. Qd6 1-0

[Event "FRA-ch U12"]
[Site "Pau"]
[Date "2015.05.02"]
[Round "8"]
[White "Bouslimi, Nabil"]
[Black "Ciccoli, Theo"]
[Result "1-0"]
[WhiteElo "1759"]
[BlackElo "1919"]
[PlyCount "63"]
[EventDate "2015.04.26"]
[EventType "swiss"]
[EventRounds "9"]
[EventCountry "FRA"]
[SourceTitle "CBM 166 Extra"]
[Source "ChessBase"]
[SourceDate "2015.06.18"]
[SourceVersion "1"]
[SourceVersionDate "2015.06.18"]
[SourceQuality "1"]

1. d4 Nf6 2. c4 c5 3. d5 b5 4. cxb5 a6 5. bxa6 g6 6. Nc3 Bxa6 7. Nf3 d6 8. Nd2 Bg7 9. e4 Bxf1 10. Nxf1 0-0 11. Ne3 Nbd7 12. 0-0 Qa5 13. Bd2 Qa6 14. f4 Qd3 15. Qc2 Qxc2 16. Nxc2 Rfb8 17. Rab1 Nb6 18. b3 Nxe4 19. Nxe4 Rxa2 20. Rfc1 Nxd5 21. b4 Bb2 22. bxc5 dxc5 23. Nc3 Raa8 24. Rxb2 Rxb2 25. Nxd5 Rd8 26. Bc3 Rxc2 27. Nxe7+ Kf8 28. Nxg6+ hxg6 29. Rxc2 Ke7 30. Re2+ Kf8 31. Re5 Rc8 32. Rxc5 1-0

[Event "FRA-ch U12"]
[Site "Pau"]
[Date "2015.04.30"]
[Round "6"]
[White "Maache, Jawad"]
[Black "Bouslimi, Nabil"]
[Result "1-0"]
[WhiteElo "1973"]
[BlackElo "1772"]
[PlyCount "41"]
[EventDate "2015.04.26"]
[EventType "swiss"]
[EventRounds "9"]
[EventCountry "FRA"]
[SourceTitle "CBM 166 Extra"]
[Source "ChessBase"]
[SourceDate "2015.06.18"]
[SourceVersion "1"]
[SourceVersionDate "2015.06.18"]
[SourceQuality "1"]

1. d4 Nf6 2. c4 c5 3. d5 e6 4. Nc3 exd5 5. cxd5 d6 6. e4 g6 7. f4 Bg7 8. Nf3 0-0 9. Bd3 a6 10. a4 Bg4 11. 0-0 Nbd7 12. Qb3 Bxf3 13. Rxf3 Qc7 14. Bd2 Rac8 15. Bc4 Nb6 16. Kh1 Rce8 17. a5 Nxc4 18. Qxc4 Nd7 19. Re3 f5 20. e5 dxe5 21. d6+ 1-0

[Event "Ajaccio op 1st"]
[Site "Ajaccio"]
[Date "2012.04.24"]
[Round "1"]
[White "Bouslimi, Nabil"]
[Black "Humeau, Cyril"]
[Result "0-1"]
[WhiteElo "1517"]
[BlackElo "2257"]
[PlyCount "22"]
[EventDate "2012.04.24"]
[EventType "swiss"]
[EventRounds "9"]
[EventCountry "FRA"]
[SourceTitle "CBM 148 Extra"]
[Source "ChessBase"]
[SourceDate "2012.06.22"]
[SourceVersion "1"]
[SourceVersionDate "2012.06.22"]
[SourceQuality "1"]

1. d4 b5 2. e3 Bb7 3. Bxb5 Bxg2 4. f3 Bxh1 5. Nc3 e6 6. Bd2 Qh4+ 7. Kf1 Qxh2 8. Qe2 Qh5 9. Ne4 a6 10. Bd3 Bd6 11. c4 Bh2 0-1